[Event "FRA-ch Youth U20 2018"]
[Site "Agen"]
[Date "2018.04.20"]
[Round "7"]
[White "Pigeat, Alexandre"]
[Black "Laronche, Thomas"]
[Result "1-0"]
[WhiteElo "2275"]
[BlackElo "2137"]
[Annotator "NA"]
[PlyCount "111"]
[EventDate "2018.??.??"]
[EventType "swiss"]
[EventCountry "FRA"]
[SourceTitle "playchess.com"]
[Source "ChessBase"]
[SourceQuality "1"]
[TimeControl "5400+30"]

1. d4 {[%emt 0:00:00]} Nf6 {[%emt 0:00:31]} 2. c4 {[%emt 0:00:00]} e6 {[%emt 0:00:26]} 3. Nc3 {[%emt 0:00:13]} Bb4 {[%emt 0:00:31]} 4. e3 {[%emt 0:00:13]} Nc6 {[%emt 0:00:28]} 5. Nge2 {[%emt 0:00:49]} e5 {[%emt 0:00:22] E40: Nimzo-Indian: Rubinstein (4 e3): Unusual Black 4th moves} 6. a3 {[%emt 0:02:42]} (6. d5 Ne7 7. a3 Bxc3+ 8. Nxc3 d6 9. e4 O-O 10. Be2 a5 11. Be3 b6 12. O-O Nd7 13. b4 {½-½ (29) Lenderman,A (2549)-Gareyev,T (2650) Las Vegas 2013}) 6... Bxc3+ {[%emt 0:01:49]} 7. Nxc3 {[%emt 0:00:15]} exd4 {[%emt 0:00:17]} 8. exd4 {[%emt 0:00:02]} d5 {[%emt 0:00:09]} 9. Bg5 $146 {[%emt 0:01:20]} ({Find the theoretical novelty and annotate with similar games:} 9. cxd5 Nxd5 10. Bc4 Nxc3 11. bxc3 {0-1 (34) Molina,V (773)-Malyszek,T (932) LSS email 2013}) 9... dxc4 {[%emt 0:05:31]} 10. Qe2+ {[%emt 0:07:41]} Kf8 {[%emt 0:09:37]} 11. Ne4 {[%emt 0:06:47]} (11. O-O-O $14) 11... h6 {[%emt 0:06:20]} 12. Bxf6 $1 {[%emt 0:03:36]} gxf6 {[%emt 0:00:18]} 13. Rd1 {[%emt 0:05:55]} Bf5 {[%emt 0:04:02]} 14. f3 {[%emt 0:03:40]} Kg7 {[%emt 0:07:24]} 15. Qe3 {[%emt 0:09:49]} Qd5 {[%emt 0:07:42]} 16. Kf2 {[%emt 0:03:45]} (16. Nc3 $15 Qa5 17. Qf4) 16... Rae8 {[%emt 0:02:55]} 17. Nc3 {[%emt 0:03:57]} Rxe3 {[%emt 0:09:44]} 18. Nxd5 {[%emt 0:00:11]} Rb3 {[%emt 0:00:02]} 19. Rd2 {[%emt 0:02:22]} Bd3 {[%emt 0:02:41]} 20. Bxd3 {[%emt 0:00:22]} cxd3 {[%emt 0:00:59]} 21. Rc1 {[%emt 0:03:26]} Rd8 {[%emt 0:01:56]} 22. Ne3 {[%emt 0:00:24]} Kg6 {[%emt 0:02:26]} 23. d5 {[%emt 0:01:44]} Ne7 {[%emt 0:02:27]} 24. Rc5 {[%emt 0:01:33]} a6 {[%emt 0:05:50]} 25. h4 {[%emt 0:03:16]} b6 {[%emt 0:03:00]} 26. Rc4 {[%emt 0:04:27]} Nxd5 {[%emt 0:01:50]} 27. h5+ {[%emt 0:02:58]} Kxh5 {[%emt 0:06:26]} 28. Nf5 {[%emt 0:00:38]} Kg6 {[%emt 0:00:25]} 29. Nd4 {[%emt 0:00:07]} Rb5 {[%emt 0:01:45]} 30. Nxb5 {[%emt 0:00:23]} axb5 {[%emt 0:00:04]} 31. Rc6 {[%emt 0:01:01]} Re8 {[%emt 0:04:24]} 32. Rxd3 {[%emt 0:00:36]} Nf4 {[%emt 0:00:10]} 33. Rd2 {[%emt 0:00:06]} Ne6 {[%emt 0:00:11]} 34. g4 {[%emt 0:01:24]} b4 {[%emt 0:04:10]} 35. axb4 {[%emt 0:00:22]} f5 {[%emt 0:00:06]} 36. gxf5+ {[%emt 0:01:19]} Kxf5 {[%emt 0:00:01]} 37. Rd7 {[%emt 0:00:11]} Rf8 {[%emt 0:01:33]} 38. b5 {[%emt 0:00:41]} Ke5 {[%emt 0:00:55]} 39. Ke3 {[%emt 0:00:55]} Kf5 {[%emt 0:01:07]} 40. Rd5+ {[%emt 0:01:06]} Kf6 {[%emt 0:00:27]} 41. Rd7 {[%emt 0:04:30]} Kf5 {[%emt 0:00:54]} 42. Rc1 {[%emt 0:02:49]} Kf6 {[%emt 0:01:00]} 43. Rh1 $16 {[%emt 0:00:50]} Kg5 {[%emt 0:00:17]} 44. Rd5+ {[%emt 0:03:06]} Kg6 {[%emt 0:00:22]} 45. f4 {[%emt 0:00:18]} f5 {[%emt 0:00:18]} 46. Rd7 {[%emt 0:00:28]} Rh8 {[%emt 0:01:20]} 47. Rc1 {[%emt 0:02:00]} h5 {[%emt 0:02:53]} 48. Rc6 {[%emt 0:01:26]} Re8 {[%emt 0:01:02]} 49. Rdxc7 {[%emt 0:00:42]} h4 {[%emt 0:00:07]} 50. Kf3 {[%emt 0:01:02]} h3 {[%emt 0:00:33]} 51. Rxb6 {[%emt 0:01:54]} h2 {[%emt 0:00:22]} 52. Rc1 {[%emt 0:00:08]} Kh5 {[%emt 0:00:39]} 53. Rd6 {[%emt 0:00:14]} Nxf4 {[%emt 0:04:06]} 54. Kxf4 {[%emt 0:00:18]} Re2 {[%emt 0:00:06]} 55. Rh1 {[%emt 0:01:28]} Rxb2 {[%emt 0:00:19]} 56. b6 {[%emt 0:00:06]} 1-0

[Event "FRA-ch Youth U20 2018"]
[Site "Agen"]
[Date "2018.04.20"]
[Round "7"]
[White "Albaric, Etienne"]
[Black "Duquesne, Adrien"]
[Result "1-0"]
[WhiteElo "2202"]
[BlackElo "2209"]
[Annotator "ChessBase"]
[PlyCount "149"]
[EventDate "2018.??.??"]
[EventType "swiss"]
[EventCountry "FRA"]
[SourceTitle "playchess.com"]
[Source "ChessBase"]
[SourceQuality "1"]
[TimeControl "5400+30"]

1. e4 {[%emt 0:00:00]} c5 {[%emt 0:03:00]} 2. Nf3 {[%emt 0:00:00]} d6 {[%emt 0:00:19]} 3. Bb5+ {[%emt 0:00:00]} Nd7 {[%emt 0:01:26]} 4. O-O {[%emt 0:00:51]} a6 {[%emt 0:00:42]} 5. Bd3 {[%emt 0:00:09]} e6 {[%emt 0:00:32]} 6. a4 {[%emt 0:04:42]} Ngf6 {[%emt 0:14:43]} 7. c3 {[%emt 0:03:22]} b5 {[%emt 0:06:01]} 8. axb5 {[%emt 0:11:41]} Bb7 {[%emt 0:00:20]} 9. bxa6 {[%emt 0:04:28]} Bxe4 {[%emt 0:00:27]} 10. Bxe4 {[%emt 0:07:57]} Nxe4 {[%emt 0:00:11]} 11. Qa4 {[%emt 0:07:48]} Nef6 {[%emt 0:02:51]} 12. Na3 {[%emt 0:06:36]} Be7 {[%emt 0:03:47]} 13. b4 {[%emt 0:02:54]} cxb4 {[%emt 0:04:08]} 14. cxb4 {[%emt 0:00:54]} O-O {[%emt 0:05:45]} 15. b5 {[%emt 0:07:25]} Nd5 {[%emt 0:05:55]} 16. Bb2 {[%emt 0:09:08]} Nc5 {[%emt 0:17:57]} 17. Qd1 {[%emt 0:01:27]} Nd3 {[%emt 0:06:09]} 18. Bc3 {[%emt 0:03:40]} e5 {[%emt 0:01:28]} 19. Nc4 {[%emt 0:02:41]} Qc8 {[%emt 0:10:41]} 20. Ne3 {[%emt 0:04:52]} Nb6 {[%emt 0:00:28]} 21. Qc2 {[%emt 0:01:27]} Nf4 {[%emt 0:01:46]} 22. Ba5 {[%emt 0:03:10]} Qxc2 {[%emt 0:03:36]} 23. Nxc2 {[%emt 0:00:02]} Nc4 {[%emt 0:00:13]} 24. Rfb1 {[%emt 0:04:54]} Nxa5 {[%emt 0:01:30]} 25. Rxa5 {[%emt 0:00:02]} Rfb8 {[%emt 0:00:42]} 26. Ne3 {[%emt 0:04:44]} Bd8 {[%emt 0:00:14]} 27. Ra4 {[%emt 0:00:39]} Nd3 {[%emt 0:01:50]} 28. Nd5 {[%emt 0:01:58]} Nc5 {[%emt 0:01:36]} 29. Raa1 {[%emt 0:00:01]} Kf8 {[%emt 0:00:09]} 30. d4 {[%emt 0:01:24]} Nd7 {[%emt 0:00:39]} 31. dxe5 {[%emt 0:01:47]} dxe5 {[%emt 0:00:06]} 32. Nd2 {[%emt 0:00:08]} Nb6 {[%emt 0:01:40]} 33. Nb4 {[%emt 0:01:16]} Be7 {[%emt 0:01:55]} 34. Nc6 {[%emt 0:00:11]} Rc8 {[%emt 0:00:07]} 35. Kf1 {[%emt 0:00:49]} f6 {[%emt 0:01:40]} 36. Nb3 {[%emt 0:00:55]} Kf7 {[%emt 0:00:59]} 37. Rd1 {[%emt 0:01:14]} Ke6 {[%emt 0:00:32]} 38. a7 {[%emt 0:01:09]} Rc7 {[%emt 0:00:24]} 39. Ra6 {[%emt 0:00:12]} Nc8 {[%emt 0:01:03]} 40. Nca5+ {[%emt 0:02:22]} Kf5 {[%emt 0:00:10]} 41. b6 {[%emt 0:00:20]} Nxb6 {[%emt 0:00:08]} 42. Rxb6 {[%emt 0:00:10]} Raxa7 {[%emt 0:00:14]} 43. Nc6 {[%emt 0:00:38]} Ra2 {[%emt 0:00:11]} 44. Nxe7+ {[%emt 0:00:16]} Rxe7 {[%emt 0:00:05]} 45. Rd2 {[%emt 0:00:25]} Ra3 {[%emt 0:00:10]} 46. Nc5 {[%emt 0:00:38]} Rc7 {[%emt 0:01:13]} 47. Rb5 {[%emt 0:00:48]} Rc3 {[%emt 0:01:53]} 48. Nb7 {[%emt 0:00:35]} Rc1+ {[%emt 0:00:31]} 49. Ke2 {[%emt 0:00:02]} Rh1 {[%emt 0:01:29]} 50. h3 {[%emt 0:00:24]} Rcc1 {[%emt 0:00:19]} 51. Nd6+ {[%emt 0:00:35]} Kg6 {[%emt 0:01:00]} 52. Rb3 {[%emt 0:01:07]} Rhe1+ {[%emt 0:00:58]} 53. Kf3 {[%emt 0:00:20]} h5 {[%emt 0:00:22]} 54. Re3 {[%emt 0:00:31]} Rg1 {[%emt 0:00:27]} 55. Ne4 {[%emt 0:00:51]} Rc4 {[%emt 0:00:34]} 56. Rd7 {[%emt 0:00:32]} h4 {[%emt 0:00:40]} 57. g3 {[%emt 0:00:35]} hxg3 {[%emt 0:00:16]} 58. fxg3 {[%emt 0:00:01]} Rf1+ {[%emt 0:00:41]} 59. Ke2 {[%emt 0:00:45]} Rcc1 {[%emt 0:00:16]} 60. Nd6 {[%emt 0:00:37]} Rce1+ {[%emt 0:00:24]} 61. Kd3 {[%emt 0:00:29]} Rd1+ {[%emt 0:00:06]} 62. Kc4 {[%emt 0:00:11]} Rd4+ {[%emt 0:00:10]} 63. Kc5 {[%emt 0:00:34]} Rc1+ {[%emt 0:00:07]} 64. Kb6 {[%emt 0:00:31]} Rb4+ {[%emt 0:00:35]} 65. Nb5 {[%emt 0:00:15]} Rcb1 {[%emt 0:00:13]} 66. Rd5 {[%emt 0:00:01]} Rh1 {[%emt 0:00:15]} 67. g4 Rb2 {[%emt 0:00:54]} 68. Kc6 {[%emt 0:01:40]} Rbh2 {[%emt 0:00:21]} 69. Rdd3 {[%emt 0:00:01]} Kg5 {[%emt 0:00:10]} 70. Nd6 {[%emt 0:00:47]} g6 {[%emt 0:00:59]} 71. Ne4+ {[%emt 0:00:55]} Kh4 {[%emt 0:00:19]} 72. Nxf6 {[%emt 0:00:26]} Rxh3 {[%emt 0:02:00]} 73. Rxh3+ {[%emt 0:00:40]} Rxh3 {[%emt 0:00:07]} 74. Rxh3+ {[%emt 0:00:19]} Kxh3 {[%emt 0:00:04]} 75. Kd5 {[%emt 0:00:32]} 1-0

[Event "FRA-ch Youth U20 2018"]
[Site "Agen"]
[Date "2018.04.20"]
[Round "7"]
[White "Grezels, Florian"]
[Black "Ek, Alexandre"]
[Result "0-1"]
[WhiteElo "2181"]
[BlackElo "2222"]
[Annotator "NA"]
[PlyCount "62"]
[EventDate "2018.??.??"]
[EventType "swiss"]
[EventCountry "FRA"]
[SourceTitle "playchess.com"]
[Source "ChessBase"]
[SourceQuality "1"]
[TimeControl "5400+30"]

1. e4 {[%emt 0:00:00]} c5 {[%emt 0:00:07]} 2. Nf3 {[%emt 0:00:00]} d6 {[%emt 0:00:09]} 3. d4 {[%emt 0:00:00]} cxd4 {[%emt 0:00:06]} 4. Nxd4 {[%emt 0:00:00]} Nf6 {[%emt 0:00:07]} 5. Nc3 {[%emt 0:00:01]} a6 {[%emt 0:00:21]} 6. Be3 {[%emt 0:00:48]} e6 {[%emt 0:00:53]} 7. f3 {[%emt 0:01:29]} b5 {[%emt 0:00:45]} 8. Qd2 {[%emt 0:01:03]} Nbd7 {[%emt 0:00:31]} 9. g4 {[%emt 0:00:36]} Nb6 {[%emt 0:00:40]} 10. a4 {[%emt 0:00:17] B80: Sicilian Scheveningen: 6 g3 and 6 Be3, including English Attack} b4 {[%emt 0:00:59]} (10... Nc4 11. Bxc4 bxc4 12. a5 Qc7 13. g5 Nd7 14. Kd1 Rb8 15. Kc1 Nc5 16. Na4 Nxa4 17. Rxa4 Be7 {0-1 (53) Yu,Y (2734)-Xu,J (2534) Wuxi 2016}) 11. Na2 {[%emt 0:02:57]} d5 {[%emt 0:00:26]} 12. a5 {[%emt 0:05:30]} Na4 $146 {[%emt 0:38:20]} ({Predecessor:} 12... Nc4 $16 13. Bxc4 dxc4 14. Nxb4 Bb7 15. Nbc6 Qc8 16. Ra4 Bc5 17. Rxc4 Bxd4 18. Qxd4 {1-0 (32) Sedlak,N (2581)-Sadikhov,U (2222) Gent 2013}) 13. e5 $2 {[%emt 0:24:20]} (13. Nxb4 $18 Nxb2 14. Ndc6) 13... Nd7 {[%emt 0:01:47]} 14. Nxb4 {[%emt 0:07:50]} Nxb2 {[%emt 0:02:48]} 15. f4 {[%emt 0:15:55]} Nc5 {[%emt 0:11:37]} 16. c3 {[%emt 0:04:52]} Nc4 {[%emt 0:03:24]} 17. Bxc4 {[%emt 0:01:00]} dxc4 {[%emt 0:00:00]} 18. O-O {[%emt 0:08:07]} Bb7 {[%emt 0:11:25]} 19. Rad1 {[%emt 0:06:49]} Qh4 {[%emt 0:06:51]} 20. Ndc6 {[%emt 0:02:30]} Qxg4+ {[%emt 0:00:26]} 21. Kh1 {[%emt 0:03:21]} Nd3 {[%emt 0:00:18]} 22. Rg1 {[%emt 0:11:52]} Qf3+ {[%emt 0:00:18]} 23. Rg2 {[%emt 0:00:44]} Bxc6 {[%emt 0:02:01]} 24. Nxc6 {[%emt 0:00:36]} Qxc6 {[%emt 0:00:07]} 25. f5 {[%emt 0:00:35]} exf5 {[%emt 0:01:36]} 26. Bd4 $19 {[%emt 0:01:01]} Rb8 {[%emt 0:02:51]} 27. Kg1 {[%emt 0:00:43]} Bc5 {[%emt 0:04:05]} 28. Rxg7 {[%emt 0:00:25]} Bxd4+ {[%emt 0:00:18]} 29. cxd4 {[%emt 0:00:02]} Qe4 {[%emt 0:00:29]} 30. Qa2 {[%emt 0:01:04]} Qe3+ {[%emt 0:01:03]} 31. Kf1 {[%emt 0:00:19]} Qf3+ {[%emt 0:00:09]} 0-1

[Event "FRA-ch Youth U20 2018"]
[Site "Agen"]
[Date "2018.04.20"]
[Round "7"]
[White "Aubert, Laurane"]
[Black "Terrazzoni, Claire"]
[Result "1-0"]
[WhiteElo "1952"]
[BlackElo "1819"]
[Annotator "NA"]
[PlyCount "77"]
[EventDate "2018.??.??"]
[EventType "swiss"]
[EventCountry "FRA"]
[SourceTitle "playchess.com"]
[Source "ChessBase"]
[SourceQuality "1"]
[TimeControl "5400+30"]

1. e4 {[%emt 0:00:00]} c5 {[%emt 0:00:09]} 2. Nf3 {[%emt 0:00:00]} d6 {[%emt 0:00:38]} 3. c3 {[%emt 0:00:00]} Nf6 {[%emt 0:03:05]} 4. h3 {[%emt 0:00:00]} Bd7 5. Bd3 {[%emt 0:01:22] B50: Sicilian: 2...d6, Miscellaneous} g6 {[%emt 0:04:47]} (5... Bc6 6. Qe2 g6 7. O-O Bg7 8. Bc2 e5 9. d4 Qc7 10. d5 Bd7 11. c4 O-O 12. Nc3 Nh5 {1-0 (36) Vera Siguenas,D (2513)-Barrientos,S (2480) Lima 2018}) 6. O-O {[%emt 0:01:54]} Bg7 {[%emt 0:01:02]} 7. Bc2 {[%emt 0:00:27]} O-O {[%emt 0:03:50]} 8. d4 {[%emt 0:01:33]} Bc6 $146 {[%emt 0:06:22]} ({Predecessor:} 8... cxd4 9. cxd4 Nc6 10. Nc3 Qb6 11. e5 Ne8 12. Nd5 Qd8 13. Qe2 dxe5 14. dxe5 Bxh3 15. Rd1 Bd7 16. Be3 Nc7 17. Bb6 axb6 18. Nxb6 Nb8 19. Qd2 e6 20. Nxd7 Nxd7 21. Qxd7 Nd5 22. Qxb7 Qa5 23. Rab1 Rfb8 {½-½ (23) Stefanov,P (2409)-Tenev,T (2330) ICCF email 2008}) 9. Re1 {[%emt 0:02:00]} Na6 {[%emt 0:05:02]} 10. Nbd2 {[%emt 0:09:18]} cxd4 {[%emt 0:07:48]} 11. cxd4 {[%emt 0:00:25]} d5 {[%emt 0:02:24]} 12. e5 {[%emt 0:00:33]} Nd7 {[%emt 0:02:09]} 13. Nf1 {[%emt 0:01:43]} Nb6 {[%emt 0:03:23]} 14. Ne3 {[%emt 0:03:46]} Rc8 {[%emt 0:03:25]} 15. Ng4 {[%emt 0:08:04]} Nb4 {[%emt 0:08:24]} 16. Bb1 {[%emt 0:06:04]} Bd7 {[%emt 0:06:12] [#]} 17. Nh6+ $1 {[%emt 0:04:53]} Kh8 {[%emt 0:01:48]} 18. a3 {[%emt 0:00:43]} Nc6 {[%emt 0:01:10]} 19. Nh4 $11 {[%emt 0:08:14]} (19. b3 $14) 19... Nxd4 {[%emt 0:08:47]} 20. Nxf7+ {[%emt 0:21:45]} Rxf7 {[%emt 0:00:32]} 21. Nxg6+ {[%emt 0:00:54]} Kg8 {[%emt 0:04:26]} 22. Qxd4 {[%emt 0:06:47]} Rc4 {[%emt 0:07:00]} 23. Qd1 {[%emt 0:01:15]} Bf5 {[%emt 0:03:43]} 24. e6 {[%emt 0:05:12]} Rf6 {[%emt 0:03:18]} 25. Ne5 {[%emt 0:01:27]} Rc8 {[%emt 0:02:26]} 26. Bg5 {[%emt 0:06:09]} Bxb1 {[%emt 0:03:24]} 27. Bxf6 {[%emt 0:04:26]} exf6 {[%emt 0:04:33]} 28. Nf7 {[%emt 0:01:20]} Bc2 {[%emt 0:01:04]} 29. Qxc2 {[%emt 0:02:04]} Qe7 {[%emt 0:01:46]} 30. Qf5 {[%emt 0:01:20]} Rc6 {[%emt 0:00:59]} 31. Rac1 {[%emt 0:00:37]} a6 {[%emt 0:01:50]} 32. a4 {[%emt 0:00:53]} a5 {[%emt 0:00:28]} 33. b3 {[%emt 0:00:18]} Qe8 {[%emt 0:00:29]} 34. Qg4 {[%emt 0:00:40]} Qe7 {[%emt 0:00:30]} 35. Nh6+ {[%emt 0:00:32]} Kf8 {[%emt 0:00:31]} 36. Nf5 {[%emt 0:00:32]} Qc7 {[%emt 0:00:30]} 37. Rxc6 {[%emt 0:00:28]} bxc6 {[%emt 0:00:08]} 38. e7+ {[%emt 0:00:12]} Ke8 {[%emt 0:00:16]} 39. Nxg7+ {[%emt 0:00:17]} 1-0

[Event "FRA-ch Youth U20 2018"]
[Site "Agen"]
[Date "2018.04.20"]
[Round "7"]
[White "Bartels, Karina"]
[Black "Haussernot, Cecile"]
[Result "0-1"]
[WhiteElo "1702"]
[BlackElo "2165"]
[Annotator "NA"]
[PlyCount "102"]
[EventDate "2018.??.??"]
[EventType "swiss"]
[EventCountry "FRA"]
[SourceTitle "playchess.com"]
[Source "ChessBase"]
[SourceQuality "1"]
[TimeControl "5400+30"]

1. e4 {[%emt 0:00:00]} c5 {[%emt 0:00:04]} 2. Nf3 {[%emt 0:00:00]} d6 {[%emt 0:00:04]} 3. Bb5+ {[%emt 0:00:00]} Nd7 {[%emt 0:00:07]} 4. d4 {[%emt 0:00:05]} cxd4 {[%emt 0:00:34]} 5. Qxd4 {[%emt 0:00:11]} a6 {[%emt 0:00:48]} 6. Bxd7+ {[%emt 0:00:21]} Bxd7 {[%emt 0:00:10]} 7. Bg5 {[%emt 0:00:36] B51: Sicilian: Moscow Variation (3 Bb5+) without 3...Bd7} (7. c4 e5 8. Qd3 b5 9. Nc3 bxc4 10. Qxc4 Be6 11. Qc6+ Bd7 12. Qc4 Be6 13. Qc6+ Bd7 {½-½ (13) Jones,G (2651)-Wojtaszek,R (2738) Batumi 2018}) 7... Rc8 {[%emt 0:05:04]} 8. Nc3 {[%emt 0:03:47]} Bg4 {[%emt 0:01:48]} 9. Nd2 $146 {[%emt 0:11:16]} ({Predecessor:} 9. O-O-O Qa5 10. Bh4 Bxf3 11. gxf3 Qc5 12. Kb1 b5 13. a4 b4 14. Qxc5 Rxc5 {1-0 (52) Pourramezanali,A (2538)-Sedaghati,M (2279) Bandar e Anzali 2018}) 9... Nf6 {[%emt 0:07:04]} 10. Bxf6 {[%emt 0:01:38]} gxf6 {[%emt 0:00:14]} 11. Nc4 {[%emt 0:13:48]} Bg7 {[%emt 0:04:51]} 12. f4 {[%emt 0:04:43]} b5 {[%emt 0:08:23]} 13. Ne3 {[%emt 0:04:11]} Bd7 {[%emt 0:13:47]} 14. O-O {[%emt 0:08:40]} Qc7 {[%emt 0:02:33]} 15. Rad1 {[%emt 0:11:46]} a5 {[%emt 0:05:03]} 16. Kh1 {[%emt 0:05:33]} Qc5 {[%emt 0:04:13]} 17. f5 {[%emt 0:06:15]} h5 {[%emt 0:00:55]} 18. Ncd5 {[%emt 0:02:21]} Rc6 {[%emt 0:04:41]} 19. c3 {[%emt 0:01:38]} Qxd4 {[%emt 0:01:09]} 20. Rxd4 {[%emt 0:05:33]} Bc8 {[%emt 0:03:24]} 21. Rdd1 {[%emt 0:02:05]} Ba6 {[%emt 0:02:43]} 22. Rf2 {[%emt 0:00:44]} Bh6 {[%emt 0:00:32]} 23. Nc2 {[%emt 0:00:51]} Rg8 {[%emt 0:02:08]} 24. Nd4 {[%emt 0:03:12]} Rc8 {[%emt 0:02:47]} 25. h3 {[%emt 0:02:41]} Rg3 {[%emt 0:10:11]} 26. Ne2 {[%emt 0:01:51]} Rg8 {[%emt 0:00:46]} 27. Nd4 {[%emt 0:00:05]} Rc4 {[%emt 0:00:33]} 28. Re1 {[%emt 0:01:04]} Rg3 {[%emt 0:00:30]} 29. Rf3 {[%emt 0:01:44]} Rg8 {[%emt 0:02:53]} 30. Rf2 {[%emt 0:00:17]} Kd8 $14 {[%emt 0:03:03]} 31. Rf3 {[%emt 0:01:47]} b4 {[%emt 0:06:20]} 32. Rd1 {[%emt 0:01:18]} Bb7 {[%emt 0:01:41]} 33. b3 {[%emt 0:02:38]} Bxd5 {[%emt 0:01:56]} 34. bxc4 {[%emt 0:01:07]} Bxe4 {[%emt 0:00:02]} 35. Rf2 {[%emt 0:00:26]} bxc3 {[%emt 0:00:02]} 36. Nc2 {[%emt 0:00:30]} Rg3 {[%emt 0:00:19]} 37. Kh2 {[%emt 0:00:50]} h4 {[%emt 0:00:02]} 38. Rd4 {[%emt 0:00:56]} Be3 {[%emt 0:02:45]} 39. Nxe3 {[%emt 0:00:46]} Rxe3 {[%emt 0:00:02]} 40. Rd1 {[%emt 0:01:05]} Kc7 {[%emt 0:00:37]} 41. Rc1 {[%emt 0:00:42]} Kc6 {[%emt 0:00:14]} 42. Kg1 {[%emt 0:00:40]} Kc5 {[%emt 0:00:12]} 43. Rf4 {[%emt 0:00:24]} Re2 {[%emt 0:00:56]} 44. Rf2 {[%emt 0:00:35]} Rxf2 {[%emt 0:00:44]} 45. Kxf2 {[%emt 0:00:01]} Kxc4 {[%emt 0:00:06]} 46. g4 {[%emt 0:01:30]} hxg3+ {[%emt 0:00:13]} 47. Kxg3 {[%emt 0:00:09]} Bxf5 {[%emt 0:00:06]} 48. h4 {[%emt 0:00:26]} c2 {[%emt 0:01:25]} 49. Kf4 {[%emt 0:00:15]} Bh7 {[%emt 0:00:10]} 50. Ke3 {[%emt 0:00:23]} Kc3 {[%emt 0:00:05]} 51. h5 {[%emt 0:00:18]} d5 {[%emt 0:00:04]} 0-1

[Event "FRA-ch Youth U20 2018"]
[Site "Agen"]
[Date "2018.04.20"]
[Round "7"]
[White "Aouachria, Marwa"]
[Black "Leriche, Ines"]
[Result "1/2-1/2"]
[WhiteElo "1687"]
[BlackElo "1913"]
[Annotator "NA"]
[PlyCount "124"]
[EventDate "2018.??.??"]
[EventType "swiss"]
[EventCountry "FRA"]
[SourceTitle "playchess.com"]
[Source "ChessBase"]
[SourceQuality "1"]
[TimeControl "5400+30"]

1. e4 {[%emt 0:00:00]} c5 {[%emt 0:00:43]} 2. Nf3 {[%emt 0:00:00]} Nc6 {[%emt 0:00:41]} 3. d4 {[%emt 0:00:00]} cxd4 {[%emt 0:00:11]} 4. Nxd4 {[%emt 0:00:00]} g6 {[%emt 0:00:21]} 5. c4 {[%emt 0:01:02]} Bg7 {[%emt 0:00:35]} 6. Be3 {[%emt 0:00:02]} Nf6 {[%emt 0:00:55]} 7. Nc3 {[%emt 0:00:04]} O-O {[%emt 0:01:01]} 8. Be2 {[%emt 0:00:16]} d6 {[%emt 0:00:28]} 9. O-O {[%emt 0:00:22]} Nxd4 {[%emt 0:00:32]} 10. Bxd4 {[%emt 0:00:08]} Bd7 {[%emt 0:00:15]} 11. f4 {[%emt 0:03:01]} Bc6 {[%emt 0:03:33]} 12. Bf3 {[%emt 0:06:29]} Nd7 {[%emt 0:05:55]} 13. Bxg7 {[%emt 0:05:31] B38: Sicilian: Maroczy Bind with 5...Bg7 and 7...0-0} Kxg7 {[%emt 0:00:16]} 14. Qd4+ {[%emt 0:02:01]} (14. Qd2 a5 15. Rad1 Qb6+ 16. Kh1 Rfd8 17. Nd5 Bxd5 18. exd5 Rac8 19. b3 a4 20. Qc3+ Kg8 {1-0 (31) Shirov,A (2714)-Leon Hoyos,M (2548) Khanty-Mansiysk 2011}) 14... Kg8 {[%emt 0:04:52]} 15. Rad1 {[%emt 0:12:54]} Qb6 {[%emt 0:11:47]} 16. Kh1 {[%emt 0:11:51]} Rfd8 {[%emt 0:10:51]} 17. Rf2 $146 {[%emt 0:09:49]} ({Predecessor:} 17. Qf2 Qb4 18. Rd4 e5 19. a3 Qc5 20. fxe5 Qxe5 21. Bg4 Qe7 22. Bxd7 Rxd7 {1-0 (71) Schmidt,I-Woller,R (2210) Ruhrgebiet 1997}) 17... a5 {[%emt 0:06:23]} 18. Rfd2 {[%emt 0:01:47]} Qxd4 {[%emt 0:15:15]} 19. Rxd4 {[%emt 0:00:02]} Nc5 {[%emt 0:00:22]} 20. Nd5 {[%emt 0:10:38]} Bxd5 {[%emt 0:03:33]} 21. Rxd5 {[%emt 0:00:35]} Rdc8 {[%emt 0:07:55]} 22. e5 {[%emt 0:07:39]} dxe5 {[%emt 0:02:00]} 23. Rxe5 {[%emt 0:00:24]} Rc7 {[%emt 0:00:59]} 24. f5 {[%emt 0:05:15]} Kf8 {[%emt 0:05:30]} 25. h4 {[%emt 0:03:43]} gxf5 {[%emt 0:06:51]} 26. Rxf5 {[%emt 0:00:28]} f6 {[%emt 0:00:58]} 27. g4 {[%emt 0:03:09]} Nd7 {[%emt 0:05:12]} 28. g5 {[%emt 0:03:56]} Ra6 {[%emt 0:05:06]} 29. h5 {[%emt 0:08:45]} e6 {[%emt 0:01:10]} 30. Rb5 {[%emt 0:00:06]} b6 {[%emt 0:00:30]} 31. gxf6 {[%emt 0:01:37]} Kf7 {[%emt 0:00:47]} 32. Rd4 {[%emt 0:02:21]} Nxf6 {[%emt 0:00:29]} 33. b3 {[%emt 0:00:45]} Rc5 {[%emt 0:00:28]} 34. Rd6 {[%emt 0:00:52]} Rf5 {[%emt 0:00:33]} 35. Kg2 {[%emt 0:00:48]} Ke7 {[%emt 0:00:27]} 36. Rdxb6 {[%emt 0:00:19]} Rxb6 {[%emt 0:00:17]} 37. Rxb6 {[%emt 0:00:02]} Nxh5 {[%emt 0:00:46]} 38. Rb5 {[%emt 0:00:26]} Nf6 {[%emt 0:00:32]} 39. c5 {[%emt 0:00:42]} a4 {[%emt 0:00:30]} 40. b4 {[%emt 0:00:19]} Nd7 {[%emt 0:00:27]} 41. Rb7 {[%emt 0:00:12]} Kd8 {[%emt 0:00:28]} 42. c6 {[%emt 0:00:19]} Ne5 {[%emt 0:00:31]} 43. Be4 {[%emt 0:02:06]} Rf4 {[%emt 0:00:22]} 44. Bxh7 {[%emt 0:00:14]} Nxc6 {[%emt 0:00:26]} 45. b5 {[%emt 0:00:17]} Na5 {[%emt 0:00:45]} 46. Ra7 {[%emt 0:00:46]} Nc4 {[%emt 0:00:30]} 47. Kg3 {[%emt 0:00:07]} Rf1 {[%emt 0:00:31]} 48. Rxa4 {[%emt 0:00:10]} Nd6 {[%emt 0:00:27]} 49. Rb4 {[%emt 0:00:50]} Kc7 {[%emt 0:00:26]} 50. Bd3 {[%emt 0:00:42]} Ra1 {[%emt 0:00:27]} 51. Ra4 {[%emt 0:00:41]} Rd1 {[%emt 0:00:32]} 52. Be2 {[%emt 0:00:29]} Rb1 {[%emt 0:00:23]} 53. Ra7+ {[%emt 0:00:22]} Kb8 {[%emt 0:00:36]} 54. Ra6 {[%emt 0:00:33]} Ne4+ {[%emt 0:00:36]} 55. Kf3 $11 {[%emt 0:00:58]} Nc3 {[%emt 0:00:00]} 56. Rxe6 {[%emt 0:00:33]} Nxe2 {[%emt 0:00:43]} 57. Kxe2 {[%emt 0:00:22]} Rxb5 {[%emt 0:00:22]} 58. Kd3 {[%emt 0:00:33]} Rc5 {[%emt 0:00:44]} 59. a4 {[%emt 0:00:20]} Kb7 {[%emt 0:00:32]} 60. Rg6 {[%emt 0:00:34]} Rc6 {[%emt 0:00:31]} 61. Rg5 {[%emt 0:00:13]} Ka6 {[%emt 0:00:32]} 62. Kd4 {[%emt 0:00:22]} Rc1 {[%emt 0:00:20]} 1/2-1/2